30 best English players - Statistics

General Stats
  • This quiz has been taken 23 times
  • The average score is 14 of 30
Answer Stats
No. Answer % Correct
1 Harry kane
100%
2 Raheem sterling
95%
8 Harry maguire
91%
5 Phil foden
91%
30 John stones
82%
4 Jordan Pickford
82%
3 Trent Alexander-Arnold
82%
25 Kyle walker
77%
6 Bukayo saka
73%
15 Declan rice
73%
23 Jadon sancho
73%
18 Marcus rashford
64%
12 Nick pope
64%
14 Jude bellingham
59%
7 Reece james
59%
20 Eric dier
50%
21 Dominic Calvert-lewin
36%
10 Tyrone mings
27%
13 Aaron ramsdale
23%
17 Tammy abraham
23%
11 Ben white
18%
28 Connor goldson
9%
16 Conor gallagher
9%
9 Emile smith-rowe
9%
29 Ivan Toney
9%
27 James tavernier
9%
26 Ainsley maitland niles
5%
19 James ward-prowse
5%
22 Ryan Kent
5%
24 Tino livramento
5%
No matching quizzes found
Score Distribution
Percent of People with Each Score
Percentile by Number Answered
Your Score History
You have not taken this quiz